=LDR 00000nam 2200000 4500 =001 INLIS000000000010891 =005 20211112093020 =035 ##$$a 0010-061300000010891 =008 211112################g##########0#ind## =041 ##$$a Ind =082 ##$$a 361.61 =090 ##$$a 361.61, dun a =100 ##$$a Dunn,William N =245 1#$$a Analisa kebijaksanaan publik : $b Kerangka analisa dan prosedur perumusann masalah /$c Willyam N.Dunn =260 ##$$a Yogyakarta :$b Hanindita,$c 1995 =300 ##$$a iv, 174 hlm. ; $c 24 x 16 cm. =650 #4$$a Politik Sosial =850 ##$$a NBPNMAT =020 ##$$a 979-8849-00-0 =084 ##$$a 361.61 DUN a =990 ##$$a 101.513/Pro-96 =990 ##$$a 101.514/Pro-96 =990 ##$$a 21400613/BPAP-NTB/20142014 =990 ##$$a 21601685/BPAP-NTB/2017 =990 ##$$a 21601686/BPAP-NTB/2017 =990 ##$$a 00092906 =990 ##$$a 1039174